[Event "ODJM B 2024"]
[Site "Willingen GER"]
[Date "2024.05.24"]
[Round "8"]
[White "Schönherr, Stijn"]
[Black "Menke, Raphael Wilhelm"]
[Result "0-1"]
[Termination "normal"]
[Board "14"]
[WhiteElo "1601"]
[BlackElo "1776"]
[WhiteClock "00:05:19"]
[BlackClock "00:30:32"]
[PlyCount "48"]
[WhiteFideId "34611622"]
[BlackFideId "34621008"]
[EventCountry "GER"]
[EventRounds "9"]
[EventType "swiss"]
[EventDate "2024.05.18"]

1. e4 {[%clk 01:30:56]} {[%emt 00:00:03]} e5 {[%clk 01:30:55]} {[%emt
00:00:05]} 2. Nf3 {[%clk 01:31:21]} {[%emt 00:00:05]} Nc6 {[%clk 01:31:17]}
{[%emt 00:00:07]} 3. Bc4 {[%clk 01:31:45]} {[%emt 00:00:07]} Nf6 {[%clk
01:31:31]} {[%emt 00:00:16]} 4. d3 {[%clk 01:31:59]} {[%emt 00:00:17]} Bc5
{[%clk 01:31:45]} {[%emt 00:00:15]} 5. O-O {[%clk 01:31:56]} {[%emt 00:00:33]}
a6 {[%clk 01:31:42]} {[%emt 00:00:34]} 6. c3 {[%clk 01:29:05]} {[%emt
00:03:21]} d6 {[%clk 01:29:31]} {[%emt 00:02:40]} 7. Nbd2 {[%clk 01:23:21]}
{[%emt 00:06:15]} O-O {[%clk 01:27:58]} {[%emt 00:02:03]} 8. h3 {[%clk
01:16:09]} {[%emt 00:07:41]} Ba7 {[%clk 01:26:30]} {[%emt 00:01:58]} 9. Re1
{[%clk 01:15:30]} {[%emt 00:01:09]} Ne7 {[%clk 01:24:34]} {[%emt 00:02:26]} 10.
d4 {[%clk 01:10:57]} {[%emt 00:05:03]} Ng6 {[%clk 01:21:22]} {[%emt 00:03:42]}
11. Nf1 {[%clk 00:59:29]} {[%emt 00:11:58]} Bd7 {[%clk 01:08:48]} {[%emt
00:13:04]} 12. Ng3 {[%clk 00:52:27]} {[%emt 00:07:32]} h6 {[%clk 01:02:17]}
{[%emt 00:07:01]} 13. dxe5 {[%clk 00:34:47]} {[%emt 00:18:10]} Nxe5 {[%clk
00:58:49]} {[%emt 00:03:58]} 14. Nxe5 {[%clk 00:33:55]} {[%emt 00:01:22]} dxe5
{[%clk 00:59:13]} {[%emt 00:00:06]} 15. Qf3 {[%clk 00:26:32]} {[%emt 00:07:49]}
Nh7 {[%clk 00:50:49]} {[%emt 00:08:58]} 16. Nf5 {[%clk 00:17:17]} {[%emt
00:09:44]} Bxf5 {[%clk 00:48:14]} {[%emt 00:03:05]} 17. exf5 {[%clk 00:17:36]}
{[%emt 00:00:11]} Qf6 {[%clk 00:48:10]} {[%emt 00:00:34]} 18. Qxb7 {[%clk
00:10:32]} {[%emt 00:07:35]} Bxf2+ {[%clk 00:36:44]} {[%emt 00:11:56]} 19. Kxf2
{[%clk 00:08:21]} {[%emt 00:02:40]} Qh4+ {[%clk 00:37:07]} {[%emt 00:00:08]}
20. g3 {[%clk 00:07:33]} {[%emt 00:01:18]} Qxc4 {[%clk 00:37:30]} {[%emt
00:00:07]} 21. Rxe5 {[%clk 00:06:09]} {[%emt 00:01:54]} Nf6 {[%clk 00:35:19]}
{[%emt 00:02:40]} 22. Qf3 {[%clk 00:05:13]} {[%emt 00:01:26]} a5 {[%clk
00:31:31]} {[%emt 00:04:19]} 23. Be3 {[%clk 00:05:07]} {[%emt 00:00:36]} Rab8
{[%clk 00:30:49]} {[%emt 00:01:09]} 24. Rc5 {[%clk 00:05:19]} {[%emt 00:00:16]}
Ne4+ {[%clk 00:30:32]} {[%emt 00:00:51]} 0-1

[Event "ODJM B 2024"]
[Site "Willingen GER"]
[Date "2024.05.24"]
[Round "8"]
[White "Reuter, Max"]
[Black "Hierl, Andreas"]
[Result "0-1"]
[Termination "normal"]
[Board "15"]
[WhiteElo "1712"]
[BlackElo "1713"]
[WhiteClock "00:13:57"]
[BlackClock "00:55:39"]
[PlyCount "80"]
[WhiteFideId "16263715"]
[BlackFideId "34660496"]
[EventCountry "GER"]
[EventRounds "9"]
[EventType "swiss"]
[EventDate "2024.05.18"]

1. e4 {[%clk 01:30:22]} {[%emt 00:00:37]} c6 {[%clk 01:30:56]} {[%emt
00:00:05]} 2. c4 {[%clk 01:28:48]} {[%emt 00:02:04]} e6 {[%clk 01:31:19]}
{[%emt 00:00:07]} 3. d4 {[%clk 01:27:10]} {[%emt 00:02:08]} d5 {[%clk
01:31:42]} {[%emt 00:00:07]} 4. exd5 {[%clk 01:23:08]} {[%emt 00:04:32]} cxd5
{[%clk 01:32:03]} {[%emt 00:00:09]} 5. Nf3 {[%clk 01:23:16]} {[%emt 00:00:19]}
Nf6 {[%clk 01:32:19]} {[%emt 00:00:18]} 6. Nc3 {[%clk 01:22:33]} {[%emt
00:01:13]} Bb4 {[%clk 01:32:40]} {[%emt 00:00:08]} 7. Bd2 {[%clk 01:15:27]}
{[%emt 00:07:35]} O-O {[%clk 01:31:57]} {[%emt 00:01:14]} 8. a3 {[%clk
01:14:18]} {[%emt 00:01:39]} Be7 {[%clk 01:32:12]} {[%emt 00:00:15]} 9. Bd3
{[%clk 01:12:20]} {[%emt 00:02:28]} dxc4 {[%clk 01:32:27]} {[%emt 00:00:14]}
10. Bxc4 {[%clk 01:12:40]} {[%emt 00:00:11]} b6 {[%clk 01:32:15]} {[%emt
00:00:42]} 11. O-O {[%clk 01:10:13]} {[%emt 00:02:57]} Bb7 {[%clk 01:30:15]}
{[%emt 00:02:30]} 12. Be3 {[%clk 01:08:13]} {[%emt 00:02:29]} Nd5 {[%clk
01:28:52]} {[%emt 00:01:53]} 13. Nxd5 {[%clk 01:05:30]} {[%emt 00:03:13]} Bxd5
{[%clk 01:29:15]} {[%emt 00:00:08]} 14. Rc1 {[%clk 01:04:39]} {[%emt 00:01:22]}
Bxc4 {[%clk 01:23:24]} {[%emt 00:06:20]} 15. Rxc4 {[%clk 01:05:05]} {[%emt
00:00:04]} Qd5 {[%clk 01:23:41]} {[%emt 00:00:13]} 16. Rc3 {[%clk 01:03:10]}
{[%emt 00:02:25]} Nc6 {[%clk 01:16:45]} {[%emt 00:07:25]} 17. Qc2 {[%clk
01:01:17]} {[%emt 00:02:23]} Na5 {[%clk 01:14:35]} {[%emt 00:02:41]} 18. Rc1
{[%clk 00:56:52]} {[%emt 00:04:54]} Bd6 {[%clk 01:12:11]} {[%emt 00:02:54]} 19.
Ng5 {[%clk 00:53:37]} {[%emt 00:03:46]} f5 {[%clk 01:11:14]} {[%emt 00:01:26]}
20. f4 {[%clk 00:48:57]} {[%emt 00:05:10]} b5 {[%clk 01:09:00]} {[%emt
00:02:45]} 21. Qd3 {[%clk 00:37:59]} {[%emt 00:11:27]} Nc4 {[%clk 01:07:02]}
{[%emt 00:02:28]} 22. R3c2 {[%clk 00:36:02]} {[%emt 00:02:27]} Rad8 {[%clk
01:03:08]} {[%emt 00:04:24]} 23. Qe2 {[%clk 00:30:42]} {[%emt 00:05:51]} Rfe8
{[%clk 00:57:05]} {[%emt 00:06:33]} 24. Nf3 {[%clk 00:26:18]} {[%emt 00:04:54]}
Qe4 {[%clk 00:57:01]} {[%emt 00:00:33]} 25. Rxc4 {[%clk 00:22:15]} {[%emt
00:04:35]} bxc4 {[%clk 00:57:07]} {[%emt 00:00:24]} 26. Ng5 {[%clk 00:22:19]}
{[%emt 00:00:25]} Qd3 {[%clk 00:56:22]} {[%emt 00:01:14]} 27. Qxd3 {[%clk
00:22:26]} {[%emt 00:00:24]} cxd3 {[%clk 00:56:45]} {[%emt 00:00:07]} 28. Rc3
{[%clk 00:16:31]} {[%emt 00:06:25]} a5 {[%clk 00:55:22]} {[%emt 00:01:54]} 29.
Rxd3 {[%clk 00:16:11]} {[%emt 00:00:49]} Rb8 {[%clk 00:55:44]} {[%emt
00:00:07]} 30. Rd2 {[%clk 00:15:57]} {[%emt 00:00:45]} Rb3 {[%clk 00:56:01]}
{[%emt 00:00:13]} 31. Kf2 {[%clk 00:16:04]} {[%emt 00:00:23]} h6 {[%clk
00:56:01]} {[%emt 00:00:29]} 32. Nf3 {[%clk 00:16:19]} {[%emt 00:00:15]} Reb8
{[%clk 00:56:20]} {[%emt 00:00:11]} 33. Ne5 {[%clk 00:15:34]} {[%emt 00:01:16]}
Bxe5 {[%clk 00:55:54]} {[%emt 00:00:56]} 34. dxe5 {[%clk 00:15:10]} {[%emt
00:00:53]} Rxb2 {[%clk 00:56:12]} {[%emt 00:00:12]} 35. Ke1 {[%clk 00:14:48]}
{[%emt 00:00:53]} Rxd2 {[%clk 00:54:47]} {[%emt 00:01:54]} 36. Bxd2 {[%clk
00:15:13]} {[%emt 00:00:05]} Rb1+ {[%clk 00:55:01]} {[%emt 00:00:16]} 37. Ke2
{[%clk 00:15:30]} {[%emt 00:00:13]} a4 {[%clk 00:55:19]} {[%emt 00:00:13]} 38.
h3 {[%clk 00:13:30]} {[%emt 00:02:30]} Rb3 {[%clk 00:55:01]} {[%emt 00:00:48]}
39. Bc1 {[%clk 00:13:43]} {[%emt 00:00:17]} Rc3 {[%clk 00:55:16]} {[%emt
00:00:15]} 40. Kd2 {[%clk 00:13:57]} {[%emt 00:00:16]} Rg3 {[%clk 00:55:39]}
{[%emt 00:00:06]} 0-1

[Event "ODJM B 2024"]
[Site "Willingen GER"]
[Date "2024.05.24"]
[Round "8"]
[White "Barsov, Vladislav"]
[Black "Sniegowski, Richard"]
[Result "1-0"]
[Termination "normal"]
[Board "16"]
[WhiteElo "1893"]
[BlackElo "1683"]
[WhiteClock "00:19:30"]
[BlackClock "00:05:12"]
[PlyCount "83"]
[WhiteFideId "34613757"]
[BlackFideId "34664181"]
[EventCountry "GER"]
[EventRounds "9"]
[EventType "swiss"]
[EventDate "2024.05.18"]

1. c4 {[%clk 01:30:57]} {[%emt 00:00:03]} e5 {[%clk 01:30:57]} {[%emt
00:00:05]} 2. g3 {[%clk 01:31:23]} {[%emt 00:00:03]} c6 {[%clk 01:31:17]}
{[%emt 00:00:10]} 3. Bg2 {[%clk 01:31:49]} {[%emt 00:00:04]} d5 {[%clk
01:31:36]} {[%emt 00:00:11]} 4. b3 {[%clk 01:31:38]} {[%emt 00:00:41]} dxc4
{[%clk 01:25:58]} {[%emt 00:06:08]} 5. bxc4 {[%clk 01:31:58]} {[%emt 00:00:09]}
Qd4 {[%clk 01:26:22]} {[%emt 00:00:07]} 6. Nc3 {[%clk 01:30:52]} {[%emt
00:01:36]} Bc5 {[%clk 01:24:15]} {[%emt 00:02:37]} 7. e3 {[%clk 01:29:49]}
{[%emt 00:01:33]} Qxc4 {[%clk 01:24:03]} {[%emt 00:00:42]} 8. Nge2 {[%clk
01:28:55]} {[%emt 00:01:24]} Nf6 {[%clk 01:18:54]} {[%emt 00:05:38]} 9. Bb2
{[%clk 01:25:49]} {[%emt 00:03:37]} O-O {[%clk 01:16:22]} {[%emt 00:03:01]} 10.
Rc1 {[%clk 01:26:17]} {[%emt 00:00:02]} Qd3 {[%clk 01:11:36]} {[%emt 00:05:16]}
11. Na4 {[%clk 01:23:02]} {[%emt 00:03:46]} Bd6 {[%clk 01:11:05]} {[%emt
00:01:01]} 12. Rc3 {[%clk 01:19:24]} {[%emt 00:04:08]} Qf5 {[%clk 01:07:38]}
{[%emt 00:03:55]} 13. O-O {[%clk 01:17:09]} {[%emt 00:02:46]} Be6 {[%clk
01:02:17]} {[%emt 00:05:51]} 14. f4 {[%clk 01:12:31]} {[%emt 00:05:08]} Nd5
{[%clk 00:57:35]} {[%emt 00:05:12]} 15. fxe5 {[%clk 01:10:20]} {[%emt
00:02:41]} Nxc3 {[%clk 00:55:49]} {[%emt 00:02:16]} 16. Bxc3 {[%clk 01:10:21]}
{[%emt 00:00:30]} Qg5 {[%clk 00:49:00]} {[%emt 00:07:17]} 17. exd6 {[%clk
01:10:02]} {[%emt 00:00:50]} Bxa2 {[%clk 00:41:25]} {[%emt 00:08:05]} 18. Qa1
{[%clk 01:07:35]} {[%emt 00:02:58]} Bc4 {[%clk 00:40:29]} {[%emt 00:01:26]} 19.
Nb6 {[%clk 01:07:15]} {[%emt 00:00:50]} axb6 {[%clk 00:34:52]} {[%emt
00:06:07]} 20. Qxa8 {[%clk 01:07:37]} {[%emt 00:00:06]} Bxe2 {[%clk 00:35:13]}
{[%emt 00:00:10]} 21. Rf2 {[%clk 01:06:12]} {[%emt 00:01:55]} Ba6 {[%clk
00:35:29]} {[%emt 00:00:15]} 22. Qa7 {[%clk 01:04:48]} {[%emt 00:01:54]} Qc5
{[%clk 00:34:23]} {[%emt 00:01:36]} 23. Bd4 {[%clk 01:03:53]} {[%emt 00:01:25]}
Qxd6 {[%clk 00:33:25]} {[%emt 00:01:27]} 24. Qxb6 {[%clk 01:04:14]} {[%emt
00:00:09]} Nd7 {[%clk 00:32:36]} {[%emt 00:01:19]} 25. Qb2 {[%clk 01:04:38]}
{[%emt 00:00:07]} Qg6 {[%clk 00:31:51]} {[%emt 00:01:15]} 26. Rf4 {[%clk
01:03:38]} {[%emt 00:01:29]} Re8 {[%clk 00:30:22]} {[%emt 00:01:59]} 27. Bh3
{[%clk 01:03:15]} {[%emt 00:00:54]} Rd8 {[%clk 00:25:02]} {[%emt 00:05:49]} 28.
Bf5 {[%clk 01:02:23]} {[%emt 00:01:21]} Qh6 {[%clk 00:19:04]} {[%emt 00:06:29]}
29. Rh4 {[%clk 01:02:04]} {[%emt 00:00:50]} Qg5 {[%clk 00:18:03]} {[%emt
00:01:31]} 30. Bxh7+ {[%clk 01:01:57]} {[%emt 00:00:36]} Kf8 {[%clk 00:18:16]}
{[%emt 00:00:17]} 31. Be4 {[%clk 00:57:08]} {[%emt 00:05:18]} f6 {[%clk
00:17:44]} {[%emt 00:01:03]} 32. Qb3 {[%clk 00:51:39]} {[%emt 00:05:58]} Qb5
{[%clk 00:17:10]} {[%emt 00:01:05]} 33. Qa3+ {[%clk 00:39:56]} {[%emt
00:12:14]} Kf7 {[%clk 00:16:01]} {[%emt 00:01:38]} 34. Rf4 {[%clk 00:38:06]}
{[%emt 00:02:20]} Qe2 {[%clk 00:10:10]} {[%emt 00:06:21]} 35. Rf2 {[%clk
00:31:05]} {[%emt 00:07:32]} Qe1+ {[%clk 00:09:40]} {[%emt 00:01:00]} 36. Kg2
{[%clk 00:31:28]} {[%emt 00:00:06]} Rh8 {[%clk 00:09:54]} {[%emt 00:00:16]} 37.
Qb3+ {[%clk 00:30:36]} {[%emt 00:01:22]} Ke7 {[%clk 00:09:32]} {[%emt
00:00:52]} 38. h4 {[%clk 00:28:39]} {[%emt 00:02:27]} Qc1 {[%clk 00:09:23]}
{[%emt 00:00:39]} 39. d3 {[%clk 00:26:37]} {[%emt 00:02:32]} c5 {[%clk
00:09:10]} {[%emt 00:00:43]} 40. Rc2 {[%clk 00:22:04]} {[%emt 00:05:03]} Qd1
{[%clk 00:09:08]} {[%emt 00:00:32]} 41. Bf5 {[%clk 00:19:18]} {[%emt 00:03:16]}
cxd4 {[%clk 00:05:12]} {[%emt 00:04:26]} 42. Qe6+ {[%clk 00:19:30]} {[%emt
00:00:18]} 1-0

[Event "ODJM B 2024"]
[Site "Willingen GER"]
[Date "2024.05.24"]
[Round "8"]
[White "Stülcken, Philipp"]
[Black "Farokhi, Darian"]
[Result "1/2-1/2"]
[Termination "normal"]
[Board "18"]
[WhiteElo "1780"]
[BlackElo "1691"]
[WhiteClock "00:15:19"]
[BlackClock "00:24:20"]
[PlyCount "65"]
[WhiteFideId "12986232"]
[BlackFideId "16253108"]
[EventCountry "GER"]
[EventRounds "9"]
[EventType "swiss"]
[EventDate "2024.05.18"]

1. e4 {[%clk 01:30:46]} {[%emt 00:00:14]} e5 {[%clk 01:30:48]} {[%emt
00:00:11]} 2. Nf3 {[%clk 01:31:11]} {[%emt 00:00:06]} Nc6 {[%clk 01:31:12]}
{[%emt 00:00:07]} 3. Bc4 {[%clk 01:31:34]} {[%emt 00:00:07]} Bc5 {[%clk
01:31:32]} {[%emt 00:00:09]} 4. O-O {[%clk 01:31:19]} {[%emt 00:00:44]} Nf6
{[%clk 01:31:55]} {[%emt 00:00:08]} 5. d3 {[%clk 01:30:24]} {[%emt 00:01:26]}
d6 {[%clk 01:30:42]} {[%emt 00:01:43]} 6. c3 {[%clk 01:30:28]} {[%emt
00:00:25]} O-O {[%clk 01:30:53]} {[%emt 00:00:18]} 7. Nbd2 {[%clk 01:30:23]}
{[%emt 00:00:36]} a6 {[%clk 01:30:51]} {[%emt 00:00:33]} 8. a4 {[%clk
01:29:56]} {[%emt 00:00:56]} h6 {[%clk 01:30:20]} {[%emt 00:01:01]} 9. b4
{[%clk 01:29:01]} {[%emt 00:01:25]} Bb6 {[%clk 01:29:10]} {[%emt 00:01:40]} 10.
Bb3 {[%clk 01:28:32]} {[%emt 00:01:00]} Be6 {[%clk 01:23:22]} {[%emt 00:06:18]}
11. Bc2 {[%clk 01:23:39]} {[%emt 00:05:22]} Re8 {[%clk 01:21:24]} {[%emt
00:02:29]} 12. Re1 {[%clk 01:21:12]} {[%emt 00:02:56]} Qd7 {[%clk 01:16:04]}
{[%emt 00:05:50]} 13. Nf1 {[%clk 01:16:56]} {[%emt 00:04:45]} Rad8 {[%clk
01:11:37]} {[%emt 00:04:58]} 14. Ng3 {[%clk 01:12:21]} {[%emt 00:05:05]} Ng4
{[%clk 01:05:08]} {[%emt 00:06:59]} 15. Re2 {[%clk 01:07:16]} {[%emt 00:05:35]}
d5 {[%clk 00:59:32]} {[%emt 00:06:06]} 16. exd5 {[%clk 00:44:12]} {[%emt
00:23:34]} Bxd5 {[%clk 00:59:27]} {[%emt 00:00:35]} 17. Nh4 {[%clk 00:43:46]}
{[%emt 00:00:56]} Bc4 {[%clk 00:47:40]} {[%emt 00:12:18]} 18. Bxh6 {[%clk
00:21:36]} {[%emt 00:22:39]} Bxd3 {[%clk 00:42:14]} {[%emt 00:05:56]} 19. Bxd3
{[%clk 00:19:57]} {[%emt 00:02:09]} Qxd3 {[%clk 00:42:27]} {[%emt 00:00:17]}
20. Qxd3 {[%clk 00:19:45]} {[%emt 00:00:42]} Rxd3 {[%clk 00:42:47]} {[%emt
00:00:09]} 21. b5 {[%emt 00:03:13]} axb5 {[%clk 00:39:38]} {[%emt 00:03:38]}
22. axb5 {[%clk 00:17:29]} {[%emt 00:00:05]} Ne7 {[%clk 00:31:40]} {[%emt
00:08:28]} 23. Be3 {[%clk 00:16:18]} {[%emt 00:01:40]} Nxe3 {[%clk 00:29:36]}
{[%emt 00:02:35]} 24. fxe3 {[%clk 00:16:37]} {[%emt 00:00:11]} Bxe3+ {[%clk
00:29:48]} {[%emt 00:00:18]} 25. Kf1 {[%clk 00:16:36]} {[%emt 00:00:31]} Rxc3
{[%clk 00:29:18]} {[%emt 00:01:00]} 26. Rd1 {[%clk 00:14:54]} {[%emt 00:02:12]}
Bf4 {[%clk 00:25:54]} {[%emt 00:03:53]} 27. Ne4 {[%clk 00:14:49]} {[%emt
00:00:37]} Rc1 {[%clk 00:24:29]} {[%emt 00:01:55]} 28. Rxc1 {[%clk 00:14:58]}
{[%emt 00:00:19]} Bxc1 {[%clk 00:24:50]} {[%emt 00:00:10]} 29. Rc2 {[%clk
00:15:19]} {[%emt 00:00:09]} Be3 {[%clk 00:24:30]} {[%emt 00:00:48]} 30. Rxc7
{[%clk 00:15:25]} {[%emt 00:00:26]} b6 {[%clk 00:24:41]} {[%emt 00:00:19]} 31.
Nd6 {[%clk 00:15:05]} {[%emt 00:00:50]} Rd8 {[%clk 00:24:42]} {[%emt 00:00:29]}
32. Rxe7 {[%clk 00:15:08]} {[%emt 00:00:28]} Rxd6 {[%clk 00:24:20]} {[%emt
00:00:51]} 33. Rxe5 {[%clk 00:15:19]} {[%emt 00:00:18]} 1/2-1/2

[Event "ODJM B 2024"]
[Site "Willingen GER"]
[Date "2024.05.24"]
[Round "8"]
[White "Borgmann, Simon"]
[Black "Borgert, Alexander"]
[Result "1/2-1/2"]
[Termination "normal"]
[Board "19"]
[WhiteElo "1683"]
[BlackElo "1683"]
[WhiteClock "00:40:31"]
[BlackClock "01:00:07"]
[PlyCount "42"]
[WhiteFideId "16234677"]
[BlackFideId "16289188"]
[EventCountry "GER"]
[EventRounds "9"]
[EventType "swiss"]
[EventDate "2024.05.18"]

1. d4 {[%clk 01:30:46]} {[%emt 00:00:13]} d5 {[%clk 01:30:54]} {[%emt
00:00:07]} 2. Nf3 {[%clk 01:30:37]} {[%emt 00:00:39]} Nf6 {[%clk 01:31:16]}
{[%emt 00:00:08]} 3. e3 {[%clk 01:29:07]} {[%emt 00:01:59]} e6 {[%clk
01:31:28]} {[%emt 00:00:19]} 4. b3 {[%clk 01:25:16]} {[%emt 00:04:20]} c5
{[%clk 01:29:52]} {[%emt 00:02:06]} 5. Bb2 {[%clk 01:24:29]} {[%emt 00:01:17]}
Nc6 {[%clk 01:29:37]} {[%emt 00:00:45]} 6. Nbd2 {[%clk 01:19:05]} {[%emt
00:05:54]} a6 {[%clk 01:26:54]} {[%emt 00:03:14]} 7. a3 {[%clk 01:16:58]}
{[%emt 00:02:37]} Be7 {[%clk 01:19:21]} {[%emt 00:08:03]} 8. Be2 {[%clk
01:14:01]} {[%emt 00:03:26]} O-O {[%clk 01:18:26]} {[%emt 00:01:25]} 9. O-O
{[%clk 01:12:29]} {[%emt 00:02:02]} cxd4 {[%clk 01:13:59]} {[%emt 00:04:58]}
10. Nxd4 {[%clk 01:12:41]} {[%emt 00:00:17]} Nxd4 {[%clk 01:14:05]} {[%emt
00:00:24]} 11. Bxd4 {[%clk 01:10:53]} {[%emt 00:02:18]} Bd7 {[%clk 01:13:02]}
{[%emt 00:01:33]} 12. c4 {[%clk 01:06:24]} {[%emt 00:04:59]} Bc6 {[%clk
01:06:37]} {[%emt 00:06:56]} 13. c5 {[%clk 01:00:55]} {[%emt 00:05:59]} e5
{[%clk 01:03:18]} {[%emt 00:03:48]} 14. Bxe5 {[%clk 00:57:08]} {[%emt
00:04:17]} Bxc5 {[%clk 01:03:40]} {[%emt 00:00:09]} 15. Qc2 {[%clk 00:56:26]}
{[%emt 00:01:12]} Bd6 {[%clk 01:03:14]} {[%emt 00:00:55]} 16. Bxd6 {[%clk
00:52:26]} {[%emt 00:04:29]} Qxd6 {[%clk 01:03:09]} {[%emt 00:00:36]} 17. b4
{[%clk 00:50:30]} {[%emt 00:02:26]} Rac8 {[%clk 01:01:54]} {[%emt 00:01:45]}
18. Qb2 {[%clk 00:50:02]} {[%emt 00:00:59]} Qd7 {[%clk 01:00:53]} {[%emt
00:01:31]} 19. Rac1 {[%clk 00:46:22]} {[%emt 00:04:09]} Bb5 {[%clk 01:00:35]}
{[%emt 00:00:47]} 20. Bxb5 {[%clk 00:40:44]} {[%emt 00:06:09]} Qxb5 {[%clk
01:00:07]} {[%emt 00:00:58]} 21. Rxc8 {[%clk 00:40:31]} {[%emt 00:00:43]} Rxc8
{[%emt 00:02:15]} 1/2-1/2

[Event "ODJM B 2024"]
[Site "Willingen GER"]
[Date "2024.05.24"]
[Round "8"]
[White "Klein, Tristan"]
[Black "Eitel, Luc"]
[Result "1-0"]
[Termination "normal"]
[Board "20"]
[WhiteElo "1701"]
[BlackElo "1734"]
[WhiteClock "01:07:46"]
[BlackClock "00:52:27"]
[PlyCount "65"]
[WhiteFideId "34621210"]
[BlackFideId "16299728"]
[EventCountry "GER"]
[EventRounds "9"]
[EventType "swiss"]
[EventDate "2024.05.18"]

1. e4 {[%clk 01:30:48]} {[%emt 00:00:11]} c5 {[%clk 01:30:56]} {[%emt
00:00:05]} 2. Nc3 {[%clk 01:31:07]} {[%emt 00:00:12]} d6 {[%clk 01:31:18]}
{[%emt 00:00:08]} 3. d4 {[%clk 01:31:23]} {[%emt 00:00:13]} cxd4 {[%clk
01:31:00]} {[%emt 00:00:48]} 4. Qxd4 {[%clk 01:31:40]} {[%emt 00:00:13]} Nc6
{[%clk 01:31:15]} {[%emt 00:00:16]} 5. Qd2 {[%clk 01:31:55]} {[%emt 00:00:15]}
g6 {[%clk 01:30:34]} {[%emt 00:01:10]} 6. b3 {[%clk 01:32:12]} {[%emt
00:00:14]} Bg7 {[%clk 01:30:41]} {[%emt 00:00:22]} 7. Bb2 {[%clk 01:32:33]}
{[%emt 00:00:09]} Nf6 {[%clk 01:29:24]} {[%emt 00:01:48]} 8. O-O-O {[%clk
01:29:10]} {[%emt 00:03:52]} O-O {[%clk 01:27:44]} {[%emt 00:02:10]} 9. a3
{[%clk 01:27:57]} {[%emt 00:01:43]} a6 {[%clk 01:26:05]} {[%emt 00:02:09]} 10.
Be2 {[%clk 01:25:32]} {[%emt 00:02:55]} b5 {[%clk 01:25:44]} {[%emt 00:00:52]}
11. h4 {[%clk 01:25:12]} {[%emt 00:00:50]} Ng4 {[%clk 01:20:00]} {[%emt
00:06:14]} 12. Bxg4 {[%clk 01:24:55]} {[%emt 00:00:47]} Bxg4 {[%clk 01:19:07]}
{[%emt 00:01:23]} 13. f3 {[%clk 01:25:19]} {[%emt 00:00:06]} Be6 {[%clk
01:19:13]} {[%emt 00:00:22]} 14. h5 {[%clk 01:25:09]} {[%emt 00:00:41]} b4
{[%clk 01:16:11]} {[%emt 00:03:32]} 15. axb4 {[%clk 01:25:27]} {[%emt
00:00:12]} Nxb4 {[%clk 01:16:37]} {[%emt 00:00:04]} 16. Nd5 {[%clk 01:25:28]}
{[%emt 00:00:30]} Bxb2+ {[%clk 01:12:23]} {[%emt 00:04:43]} 17. Kxb2 {[%clk
01:25:54]} {[%emt 00:00:04]} Bxd5 {[%clk 01:10:57]} {[%emt 00:01:56]} 18. exd5
{[%clk 01:25:39]} {[%emt 00:00:45]} Qa5 {[%clk 01:09:48]} {[%emt 00:01:22]} 19.
Ra1 {[%clk 01:21:53]} {[%emt 00:04:33]} Qc5 {[%clk 01:08:07]} {[%emt 00:02:06]}
20. Ne2 {[%clk 01:20:23]} {[%emt 00:02:04]} Rac8 {[%clk 01:07:14]} {[%emt
00:01:24]} 21. c4 {[%clk 01:19:59]} {[%emt 00:00:54]} a5 {[%clk 01:06:34]}
{[%emt 00:01:11]} 22. Qh6 {[%clk 01:18:12]} {[%emt 00:02:16]} Nd3+ {[%clk
01:00:07]} {[%emt 00:06:56]} 23. Kc2 {[%clk 01:15:59]} {[%emt 00:02:44]} Nb4+
{[%clk 01:00:14]} {[%emt 00:00:24]} 24. Kd1 {[%clk 01:12:19]} {[%emt 00:04:09]}
g5 {[%clk 00:55:59]} {[%emt 00:04:46]} 25. Qxg5+ {[%clk 01:12:05]} {[%emt
00:00:44]} Kh8 {[%clk 00:56:19]} {[%emt 00:00:09]} 26. Qxe7 {[%clk 01:10:24]}
{[%emt 00:02:11]} f6 {[%clk 00:55:57]} {[%emt 00:00:53]} 27. h6 {[%clk
01:09:48]} {[%emt 00:01:04]} Qc7 {[%clk 00:55:56]} {[%emt 00:00:33]} 28. Qxc7
{[%clk 01:10:08]} {[%emt 00:00:10]} Rxc7 {[%clk 00:56:21]} {[%emt 00:00:05]}
29. Rxa5 {[%clk 01:10:27]} {[%emt 00:00:10]} Nd3 {[%clk 00:56:36]} {[%emt
00:00:13]} 30. Kc2 {[%clk 01:10:24]} {[%emt 00:00:35]} Nc5 {[%clk 00:56:24]}
{[%emt 00:00:43]} 31. Rha1 {[%clk 01:10:26]} {[%emt 00:00:28]} Rb7 {[%clk
00:53:50]} {[%emt 00:03:04]} 32. Nd4 {[%clk 01:09:13]} {[%emt 00:01:42]} Kg8
{[%clk 00:52:27]} {[%emt 00:01:54]} 33. Ra7 {[%clk 01:07:46]} {[%emt 00:01:56]}
1-0